000 01251nam a2200349 4500
999 _c367
_d367
003 AKMAL
005 20170503152039.0
008 170503s1995 my 00 may d
020 _a9676105201 (kkt.):
_cRM 7.50
040 _aAKMAL
082 0 4 _a006 PIL
090 _a006
_bPIL
100 1 _aPillai, Peter S.
_9828
245 1 0 _aWINDOWS 3 /
_cPeter S. Pillai
260 _aKuala Lumpur :
_bUtusan Publications & Distributors,
_c1995
300 _a73ms. :
_bil. ;
_c26cm
650 _aMicrosoft Windows (Computer file)
_9829
650 _aWindows (Computer programs)
_9720
942 _2ddc
_cBOOK